| 000 | 00413nam a2200157 4500 | ||
|---|---|---|---|
| 001 | 143092 | ||
| 003 | ES-MaACL | ||
| 005 | 20230906200724.0 | ||
| 007 | t| | ||
| 008 | 070214s1913 fr r ||||1| fre d | ||
| 100 | 1 |
_aSeligman, Pierre. _9105308 |
|
| 245 | 1 | 3 |
_aLa réforme fiscale / _cpar Pierre Seligman. |
| 260 |
_aParis : _bM. Giard, _c1913. |
||
| 300 |
_a452 p. ; _c26 x 17 cm. |
||
| 852 |
_aES-MaACL _jG-6200 |
||
| 999 |
_c143092 _d143092 |
||